[Event "AUT-chT 2324"]
[Site "Austria"]
[Date "2023.11.23"]
[Round "2.6"]
[White "Mahdy, Khaled"]
[Black "Stallinger, Vanessa"]
[Result "1/2-1/2"]
[WhiteElo "2334"]
[BlackElo "1779"]
[PlyCount "140"]
[EventDate "2023.11.22"]
[EventType "team-tourn"]
[EventRounds "11"]
[EventCountry "AUT"]
[SourceTitle "CBM 217 Extra"]
[Source "ChessBase"]
[SourceDate "2024.01.31"]
[SourceVersion "1"]
[SourceVersionDate "2024.01.31"]
[SourceQuality "1"]
[WhiteTeam "Pinggau Friedberg"]
[BlackTeam "Maria Saal"]
[WhiteTeamCountry "AUT"]
[BlackTeamCountry "AUT"]

1. e4 e5 2. Nf3 Nc6 3. Bb5 f5 4. d3 fxe4 5. dxe4 Nf6 6. Nc3 Bb4 7. 0-0 Bxc3 8. bxc3 0-0 9. Bxc6 bxc6 10. Nxe5 Qe8 11. Nd3 Qxe4 12. Qe1 Qf5 13. c4 d6 14. c5 Bd7 15. Qa5 Nd5 16. Ba3 Qg6 17. f3 Ne3 18. Rf2 Rxf3 19. Qd2 Rxf2 20. Qxf2 Nc4 21. Bc1 Rf8 22. Bf4 Ne5 23. cxd6 cxd6 24. Qg3 Nxd3 25. cxd3 Qf6 26. Rf1 d5 27. h4 h6 28. Kh2 Rf7 29. Rf3 Qe6 30. Bxh6 Kh7 31. Rxf7 Qxf7 32. Be3 Be6 33. Qe5 a6 34. Bd4 Bf5 35. Qd6 Bxd3 36. Qe5 Be4 37. h5 Bf5 38. Kg1 Bg4 39. Qg5 Bxh5 40. Bxg7 Qg6 41. Qxg6+ Kxg6 42. Bf8 Kf5 43. Kf2 Ke4 44. Ke1 Kd4 45. Kd2 c5 46. Be7 Kc4 47. Bf8 Bg6 48. g4 Bb1 49. Kc1 Bg6 50. Kd2 Kb4 51. Be7 d4 52. Bf8 Bf7 53. a3+ Kb5 54. Bg7 Bg6 55. Kc1 Kc4 56. Bf8 d3 57. Kd2 Kd4 58. Bg7+ Ke4 59. Bf8 c4 60. Kc3 Bf7 61. Bh6 Kf3 62. Bg5 Kxg4 63. Bh6 Kf3 64. Bg5 Ke4 65. Bh6 Kd5 66. Bg5 Kc5 67. Bh6 Kb5 68. Bd2 Ka4 69. Kb2 Kb5 70. Kc3 Ka4 1/2-1/2

[Event "AUT-chT 2324"]
[Site "Austria"]
[Date "2023.11.22"]
[Round "1.6"]
[White "Mahdy, Khaled"]
[Black "Mikes, Jan"]
[Result "0-1"]
[WhiteElo "2334"]
[BlackElo "2347"]
[PlyCount "48"]
[EventDate "2023.11.22"]
[EventType "team-tourn"]
[EventRounds "11"]
[EventCountry "AUT"]
[SourceTitle "CBM 217 Extra"]
[Source "ChessBase"]
[SourceDate "2024.01.31"]
[SourceVersion "1"]
[SourceVersionDate "2024.01.31"]
[SourceQuality "1"]
[WhiteTeam "Pinggau Friedberg"]
[BlackTeam "Mistelbach"]
[WhiteTeamCountry "AUT"]
[BlackTeamCountry "AUT"]

1. e4 c5 2. Nf3 Nc6 3. Bb5 e6 4. 0-0 Nge7 5. Re1 Nd4 6. Nxd4 cxd4 7. c3 a6 8. Bf1 Nc6 9. d3 Bc5 10. Nd2 0-0 11. Nb3 Ba7 12. cxd4 Nxd4 13. Be3 Nxb3 14. Qxb3 Bxe3 15. Rxe3 f5 16. d4 fxe4 17. Rxe4 Qf6 18. Qg3 b5 19. Bd3 Bb7 20. Rh4 h6 21. Rg4 Qe7 22. Re1 Rf6 23. h4 Raf8 24. Re2 Bf3 0-1

[Event "Steyr Landesliga 2122"]
[Site "Austria"]
[Date "2022.03.19"]
[Round "4.2"]
[White "Mahdy, Khaled"]
[Black "Dietmayer Kraeutler, Marco"]
[Result "1/2-1/2"]
[WhiteElo "2384"]
[BlackElo "2297"]
[PlyCount "68"]
[EventDate "2021.10.16"]
[EventType "team-tourn"]
[EventRounds "11"]
[EventCountry "AUT"]
[SourceTitle "EXT 2023"]
[Source "ChessBase"]
[SourceDate "2022.10.05"]
[SourceVersion "1"]
[SourceVersionDate "2022.10.05"]
[SourceQuality "1"]
[WhiteTeam "Pinggau Friedberg"]
[BlackTeam "Leoben"]
[WhiteTeamCountry "AUT"]
[BlackTeamCountry "AUT"]

1. e4 d5 2. exd5 Qxd5 3. Nc3 Qa5 4. Nf3 Nf6 5. Be2 Bf5 6. b4 Qb6 7. Rb1 e6 8. 0-0 Be7 9. Na4 Qd6 10. Bb2 0-0 11. Be5 Qd8 12. Nh4 Be4 13. Nc3 Nc6 14. Bxf6 Bxf6 15. Nxe4 Bxh4 16. c3 Qd5 17. Qc2 Rad8 18. b5 Na5 19. Rb4 Be7 20. Rd4 Qf5 21. Ra4 b6 22. d4 c5 23. bxc6 Nxc6 24. Bd3 Qd5 25. Bc4 Qf5 26. Qe2 Na5 27. Ng3 Qf4 28. d5 Rxd5 29. Bb3 Qe5 30. Bxd5 Qxd5 31. Rg4 Rc8 32. Rd1 Qc6 33. Rd3 g6 34. Qe5 Nc4 1/2-1/2

[Event "AUT-chT2M 2122"]
[Site "Austria"]
[Date "2021.10.03"]
[Round "3.4"]
[White "Mahdy, Khaled"]
[Black "Weiss, Christian"]
[Result "1/2-1/2"]
[WhiteElo "2384"]
[BlackElo "2367"]
[PlyCount "60"]
[EventDate "2021.10.01"]
[EventType "team-tourn"]
[EventRounds "11"]
[EventCountry "AUT"]
[SourceTitle "CBM 204 Extra"]
[Source "ChessBase"]
[SourceDate "2021.11.30"]
[SourceVersion "1"]
[SourceVersionDate "2021.11.30"]
[SourceQuality "1"]
[WhiteTeam "Pinggau Friedberg"]
[BlackTeam "Ansfelden Union"]
[WhiteTeamCountry "AUT"]
[BlackTeamCountry "AUT"]

1. e4 c5 2. Nf3 e6 3. d4 cxd4 4. Nxd4 a6 5. Nc3 Qc7 6. Be2 b5 7. a3 Bb7 8. Qd3 Nc6 9. Nxc6 Bxc6 10. Be3 Nf6 11. 0-0 d5 12. exd5 Nxd5 13. Nxd5 Bxd5 14. Bd4 Bd6 15. Bf3 Bxf3 16. Qxf3 0-0 17. h4 Rac8 18. c3 e5 19. Be3 Qc6 20. Qxc6 Rxc6 21. Rfd1 f6 22. Rd5 Kf7 23. a4 bxa4 24. Rxa4 Rb8 25. Bc1 Rb5 26. Rd3 Ke6 27. Kf1 h5 28. Ke2 Be7 29. Rg3 Kf7 30. Rd3 Ke6 1/2-1/2

[Event "Steyr Landesliga 1920"]
[Site "Austria"]
[Date "2020.03.07"]
[Round "9.2"]
[White "Teuschler, Barbara"]
[Black "Mahdy, Khaled"]
[Result "0-1"]
[WhiteElo "2139"]
[BlackElo "2375"]
[PlyCount "30"]
[EventDate "2019.09.28"]
[EventType "team-tourn"]
[EventRounds "11"]
[EventCountry "AUT"]
[SourceTitle "CBM 195 Extra"]
[Source "ChessBase"]
[SourceDate "2020.05.31"]
[SourceVersion "1"]
[SourceVersionDate "2020.05.31"]
[SourceQuality "1"]
[WhiteTeam "Graz Schachfreunde"]
[BlackTeam "Pinggau Friedberg"]
[WhiteTeamCountry "AUT"]
[BlackTeamCountry "AUT"]

1. d4 Nf6 2. Bf4 g6 3. Nc3 Bg7 4. e4 d6 5. Qd2 c6 6. 0-0-0 h6 7. f3 Be6 8. g4 Qa5 9. d5 Bc8 10. h4 Nbd7 11. Nh3 Ne5 12. Be2 Nfd7 13. a3 Nb6 14. dxc6 bxc6 15. Nb1 Nec4 0-1

[Event "Steyr Landesliga 1920"]
[Site "Austria"]
[Date "2020.02.08"]
[Round "8.2"]
[White "Mahdy, Khaled"]
[Black "Enoeckl, Philipp"]
[Result "1/2-1/2"]
[WhiteElo "2375"]
[BlackElo "2275"]
[PlyCount "37"]
[EventDate "2019.09.28"]
[EventType "team-tourn"]
[EventRounds "11"]
[EventCountry "AUT"]
[SourceTitle "CBM 195 Extra"]
[Source "ChessBase"]
[SourceDate "2020.05.31"]
[SourceVersion "1"]
[SourceVersionDate "2020.05.31"]
[SourceQuality "1"]
[WhiteTeam "Pinggau Friedberg"]
[BlackTeam "Leoben"]
[WhiteTeamCountry "AUT"]
[BlackTeamCountry "AUT"]

1. e4 e6 2. d4 d5 3. exd5 exd5 4. Nf3 Nf6 5. Bd3 Bd6 6. 0-0 0-0 7. h3 h6 8. c4 Re8 9. Nc3 Nc6 10. a3 dxc4 11. Bxc4 Bf5 12. Be3 a6 13. Nh4 Be6 14. Bxe6 fxe6 15. Ng6 Qd7 16. Qc2 Ne7 17. Rad1 Nxg6 18. Qxg6 Qf7 19. Qxf7+ 1/2-1/2

[Event "AUT-chT2M 1920"]
[Site "Austria"]
[Date "2019.11.09"]
[Round "5.5"]
[White "Wiesinger, Robert"]
[Black "Mahdy, Khaled"]
[Result "1/2-1/2"]
[WhiteElo "2230"]
[BlackElo "2376"]
[PlyCount "60"]
[EventDate "2019.10.11"]
[EventType "team-tourn"]
[EventRounds "11"]
[EventCountry "AUT"]
[SourceTitle "CBM 192 Extra"]
[Source "Chessbase"]
[SourceDate "2019.11.06"]
[SourceVersion "1"]
[SourceVersionDate "2019.11.06"]
[SourceQuality "1"]
[WhiteTeam "Steyregg"]
[BlackTeam "Pinggau Friedberg"]
[WhiteTeamCountry "AUT"]
[BlackTeamCountry "AUT"]

1. e4 e5 2. Nf3 Nc6 3. Bc4 Be7 4. d4 d6 5. dxe5 Nxe5 6. Nxe5 dxe5 7. Qh5 g6 8. Qxe5 Nf6 9. Bh6 Rg8 10. Bg5 Ng4 11. Qxe7+ Qxe7 12. Bxe7 Kxe7 13. Nc3 c6 14. a4 Ne5 15. Bb3 g5 16. 0-0-0 Rg6 17. f3 Rf6 18. Ne2 Rh6 19. h3 Be6 20. Rhe1 Rf6 21. Ng3 Re8 22. Rd2 Kf8 23. Red1 Ke7 24. a5 Bc8 25. Kb1 Rh8 26. Re2 Rd6 27. Kc1 Rxd1+ 28. Kxd1 h5 29. Nf1 Bd7 30. Ng3 Bc8 1/2-1/2

[Event "AUT-chT2M 1718"]
[Site "Austria"]
[Date "2018.02.11"]
[Round "9.4"]
[White "Titz, Heimo"]
[Black "Mahdy, Khaled"]
[Result "1-0"]
[WhiteElo "2130"]
[BlackElo "2396"]
[PlyCount "45"]
[EventDate "2017.10.27"]
[EventType "team-tourn"]
[EventRounds "11"]
[EventCountry "AUT"]
[SourceTitle "EXT 2019"]
[Source "ChessBase"]
[SourceDate "2018.10.10"]
[SourceVersion "1"]
[SourceVersionDate "2018.10.10"]
[SourceQuality "1"]
[WhiteTeam "Die Klagenfurter"]
[BlackTeam "Pinggau Friedberg"]
[WhiteTeamCountry "AUT"]
[BlackTeamCountry "AUT"]

1. c4 c5 2. Nc3 Nc6 3. Nf3 g6 4. e3 Bg7 5. d4 Nf6 6. d5 Nb8 7. e4 d6 8. Be2 0-0 9. 0-0 Na6 10. h3 Nc7 11. Bf4 Nd7 12. Qd2 Ne5 13. Nxe5 dxe5 14. Be3 Qd6 15. Na4 Na6 16. b4 cxb4 17. c5 Qd7 18. Qc2 Qc7 19. Bxa6 bxa6 20. c6 a5 21. Rfd1 Rd8 22. Rd2 Rd6 23. Rad1 1-0

[Event "AUT-chT2M 1718"]
[Site "Austria"]
[Date "2017.11.26"]
[Round "6.4"]
[White "Teuschler, Barbara"]
[Black "Mahdy, Khaled"]
[Result "0-1"]
[WhiteElo "2218"]
[BlackElo "2390"]
[PlyCount "104"]
[EventDate "2017.10.27"]
[EventType "team-tourn"]
[EventRounds "11"]
[EventCountry "AUT"]
[SourceTitle "CBM 181 Extra"]
[Source "ChessBase"]
[SourceDate "2017.12.12"]
[SourceVersion "1"]
[SourceVersionDate "2017.12.12"]
[SourceQuality "1"]
[WhiteTeam "Graz Schachfreunde"]
[BlackTeam "Pinggau Friedberg"]
[WhiteTeamCountry "AUT"]
[BlackTeamCountry "AUT"]

1. e4 e5 2. Nf3 Nc6 3. Bc4 Be7 4. c3 Nf6 5. d3 0-0 6. 0-0 d6 7. Bb3 h6 8. Re1 Nh7 9. Be3 Bf6 10. h3 Re8 11. Nbd2 Be6 12. d4 Bxb3 13. Qxb3 b6 14. Rad1 Qc8 15. Qc4 Qb7 16. d5 Ne7 17. Nf1 Qc8 18. Ng3 Rf8 19. Bc1 Bg5 20. Nxg5 hxg5 21. Rd3 g6 22. Nf1 Kh8 23. g4 f5 24. f3 Kg7 25. Re2 f4 26. Rh2 Nf6 27. Rdd2 Rh8 28. b4 Qd7 29. b5 a6 30. a4 axb5 31. axb5 Ra5 32. Rb2 Rha8 33. Qe2 Neg8 34. c4 Nh6 35. Bd2 Ra3 36. Bb4 Ra1 37. Qc2 Nf7 38. Qb3 Qc8 39. Ra2 Qh8 40. Rxa1 Rxa1 41. Bc3 Ra7 42. Nd2 Nd7 43. Bb4 Nc5 44. Bxc5 dxc5 45. Qb2 Ra4 46. Qb3 Ra1+ 47. Nf1 Qa8 48. Rb2 Qa5 49. Rb1 Ra3 50. Qd1 Qc3 51. Nd2 Qd4+ 52. Kh1 Rd3 0-1

[Event "AUT-chT2M 1718"]
[Site "Austria"]
[Date "2017.10.29"]
[Round "3.2"]
[White "Weiss, Christian"]
[Black "Mahdy, Khaled"]
[Result "1/2-1/2"]
[WhiteElo "2382"]
[BlackElo "2406"]
[PlyCount "59"]
[EventDate "2017.10.27"]
[EventType "team-tourn"]
[EventRounds "11"]
[EventCountry "AUT"]
[SourceTitle "CBM 181 Extra"]
[Source "ChessBase"]
[SourceDate "2017.12.12"]
[SourceVersion "1"]
[SourceVersionDate "2017.12.12"]
[SourceQuality "1"]
[WhiteTeam "Ansfelden"]
[BlackTeam "Pinggau Friedberg"]
[WhiteTeamCountry "AUT"]
[BlackTeamCountry "AUT"]

1. d4 Nf6 2. Nc3 d5 3. Bg5 c6 4. Qd2 Nbd7 5. e3 h6 6. Bxf6 Nxf6 7. Bd3 e6 8. Nf3 c5 9. Bb5+ Bd7 10. Bxd7+ Qxd7 11. 0-0 Be7 12. a3 0-0 13. Ne5 Qc7 14. f3 a6 15. Nd3 Nd7 16. Ne2 Rac8 17. c3 Rfd8 18. f4 Nf6 19. Ng3 Ne4 20. Nxe4 dxe4 21. Nf2 cxd4 22. exd4 f5 23. Nd1 g6 24. Kh1 Rd7 25. Ne3 Bd6 26. g3 e5 27. dxe5 Bxe5 28. Qf2 Bg7 29. Rad1 Rcd8 30. Qe2 1/2-1/2

[Event "Steyr Landesliga 1617"]
[Site "Austria"]
[Date "2017.03.18"]
[Round "8.2"]
[White "Kastner, Walter"]
[Black "Mahdy, Khaled"]
[Result "0-1"]
[WhiteElo "2193"]
[BlackElo "2388"]
[PlyCount "162"]
[EventDate "2016.10.01"]
[EventType "team-tourn"]
[EventRounds "11"]
[EventCountry "AUT"]
[SourceTitle "EXT 2018"]
[Source "ChessBase"]
[SourceDate "2017.10.13"]
[SourceVersion "1"]
[SourceVersionDate "2017.10.13"]
[SourceQuality "1"]
[WhiteTeam "Schachfreunde"]
[BlackTeam "Pinggau Friedberg"]
[WhiteTeamCountry "AUT"]
[BlackTeamCountry "AUT"]

1. e4 Nc6 2. Nf3 e5 3. Bc4 Bc5 4. c3 Nf6 5. d3 d6 6. Bb3 a6 7. Nbd2 0-0 8. h3 Ba7 9. Nf1 Ne7 10. Ng3 Ng6 11. 0-0 c6 12. d4 h6 13. Re1 Be6 14. Bc2 Qd7 15. Kh2 Rad8 16. Be3 Bb8 17. dxe5 dxe5 18. Bb3 Qe7 19. Qc2 Nf4 20. Rad1 Nh7 21. Rxd8 Rxd8 22. Bxf4 exf4 23. Nf5 Qd7 24. N5d4 Bxb3 25. Nxb3 Nf8 26. e5 Ba7 27. Re2 Ne6 28. Qe4 Qd1 29. Re1 Bxf2 30. Rxd1 Bg3+ 31. Kh1 Rxd1+ 32. Ng1 Bf2 33. Qe2 Rxg1+ 34. Kh2 Be3 35. Nd2 Ra1 36. h4 Bxd2 37. Qxd2 Rxa2 38. Kh3 h5 39. Qc1 Ra5 40. Qe1 Rb5 41. Qe2 f3 42. Qxf3 Rxb2 43. Kg3 g6 44. Qe3 a5 45. Qa7 Rb5 46. c4 Rc5 47. Qxb7 Rxc4 48. Qa8+ Kg7 49. Qxa5 Rg4+ 50. Kf2 Rxh4 51. Qc3 c5 52. g3 Rg4 53. Qf3 Ra4 54. Qb3 Rd4 55. Qc3 Ng5 56. Qc1 Rg4 57. Qa1 Ne6 58. Qd1 Nd4 59. Qd3 Rg5 60. Qe3 Rf5+ 61. Kg1 Kf8 62. Qa3 Rxe5 63. Qa7 Kg7 64. Kf2 Rf5+ 65. Kg2 Rg5 66. Qe7 Rxg3+ 67. Kf2 Rf3+ 68. Kg2 Rf5 69. Qd8 Ne6 70. Qc8 g5 71. Qc6 g4 72. Qe4 Kf6 73. Qe3 Rf3 74. Qh6+ Ke7 75. Kg1 Rf5 76. Qh7 Nd4 77. Qh8 Ne2+ 78. Kg2 g3 79. Kh3 Rg5 80. Qb2 Nf4+ 81. Kh4 Rg4# 0-1

[Event "Steyr Landesliga 1617"]
[Site "Austria"]
[Date "2017.02.04"]
[Round "7.2"]
[White "Mahdy, Khaled"]
[Black "Krebs, Johann"]
[Result "1/2-1/2"]
[WhiteElo "2388"]
[BlackElo "2271"]
[PlyCount "39"]
[EventDate "2016.10.01"]
[EventType "team-tourn"]
[EventRounds "11"]
[EventCountry "AUT"]
[SourceTitle "EXT 2018"]
[Source "ChessBase"]
[SourceDate "2017.10.13"]
[SourceVersion "1"]
[SourceVersionDate "2017.10.13"]
[SourceQuality "1"]
[WhiteTeam "Pinggau Friedberg"]
[BlackTeam "Frauental Strassenbahn"]
[WhiteTeamCountry "AUT"]
[BlackTeamCountry "AUT"]

1. e4 c5 2. Nf3 d6 3. c3 Nf6 4. Be2 g6 5. 0-0 Bg7 6. Bb5+ Bd7 7. Bxd7+ Qxd7 8. Re1 0-0 9. d4 d5 10. e5 Ne4 11. Nbd2 cxd4 12. cxd4 Nxd2 13. Bxd2 Nc6 14. Rc1 Rfc8 15. Qb3 Nd8 16. h3 Ne6 17. Be3 f6 18. exf6 Bxf6 19. h4 a6 20. Qb6 1/2-1/2

[Event "Steyr Landesliga 1516"]
[Site "Austria"]
[Date "2016.04.09"]
[Round "10.1"]
[White "Benda, Herbert"]
[Black "Mahdy, Khaled"]
[Result "1/2-1/2"]
[WhiteElo "2271"]
[BlackElo "2400"]
[PlyCount "39"]
[EventDate "2015.09.26"]
[EventType "team-tourn"]
[EventRounds "11"]
[EventCountry "AUT"]
[SourceTitle "EXT 2017"]
[Source "ChessBase"]
[SourceDate "2016.10.25"]
[SourceVersion "1"]
[SourceVersionDate "2016.10.25"]
[SourceQuality "1"]
[WhiteTeam "Spg ISR"]
[BlackTeam "Pinggau Friedberg"]
[WhiteTeamCountry "AUT"]
[BlackTeamCountry "AUT"]

1. e4 e5 2. Nf3 Nc6 3. Bc4 Bc5 4. 0-0 Nf6 5. c3 Nxe4 6. d4 d5 7. Bb5 exd4 8. Ne5 0-0 9. Nxc6 bxc6 10. Bxc6 Rb8 11. cxd4 Bd6 12. Nc3 Nxc3 13. bxc3 Bxh2+ 14. Kxh2 Qd6+ 15. Kg1 Qxc6 16. Ba3 Re8 17. Bc5 a6 18. Qh5 Qg6 19. Qxg6 hxg6 20. Rae1 1/2-1/2

[Event "Steyr Landesliga 1516"]
[Site "Austria"]
[Date "2016.02.06"]
[Round "7.1"]
[White "Mahdy, Khaled"]
[Black "Mohr, Georg"]
[Result "1/2-1/2"]
[WhiteElo "2400"]
[BlackElo "2443"]
[PlyCount "22"]
[EventDate "2015.09.26"]
[EventType "team-tourn"]
[EventRounds "11"]
[EventCountry "AUT"]
[SourceTitle "EXT 2017"]
[Source "ChessBase"]
[SourceDate "2016.10.25"]
[SourceVersion "1"]
[SourceVersionDate "2016.10.25"]
[SourceQuality "1"]
[WhiteTeam "Pinggau Friedberg"]
[BlackTeam "Frauental Strassenbahn"]
[WhiteTeamCountry "AUT"]
[BlackTeamCountry "AUT"]

1. e4 g6 2. d4 Bg7 3. Nf3 d6 4. c3 Nf6 5. Bd3 0-0 6. 0-0 Nc6 7. d5 Nb8 8. c4 c6 9. h3 Na6 10. Nc3 Nc5 11. Bc2 cxd5 1/2-1/2

[Event "Steyr Landesliga 1415"]
[Site "Austria"]
[Date "2015.02.07"]
[Round "7.1"]
[White "Schnider, Gert"]
[Black "Mahdy, Khaled"]
[Result "1/2-1/2"]
[WhiteElo "2380"]
[BlackElo "2378"]
[PlyCount "23"]
[EventDate "2014.09.27"]
[EventType "team-tourn"]
[EventRounds "11"]
[EventCountry "AUT"]
[SourceTitle "EXT 2016"]
[Source "ChessBase"]
[SourceDate "2015.10.08"]
[SourceVersion "1"]
[SourceVersionDate "2015.10.08"]
[SourceQuality "1"]
[WhiteTeam "Fuerstenfeld/Hartberg"]
[BlackTeam "Pinggau Friedberg"]
[WhiteTeamCountry "AUT"]
[BlackTeamCountry "AUT"]

1. d4 Nf6 2. c4 c5 3. d5 g6 4. Nc3 Bg7 5. e4 d6 6. Nf3 0-0 7. Be2 e6 8. Bg5 exd5 9. cxd5 h6 10. Bh4 g5 11. Bg3 Nh5 12. Nd2 1/2-1/2

[Event "Steyr Landesliga 1415"]
[Site "Austria"]
[Date "2014.10.11"]
[Round "2.1"]
[White "Mahdy, Khaled"]
[Black "Pilaj, Herwig"]
[Result "1/2-1/2"]
[WhiteElo "2378"]
[BlackElo "2388"]
[PlyCount "30"]
[EventDate "2014.09.27"]
[EventType "team-tourn"]
[EventRounds "11"]
[EventCountry "AUT"]
[SourceTitle "EXT 2016"]
[Source "ChessBase"]
[SourceDate "2015.10.08"]
[SourceVersion "1"]
[SourceVersionDate "2015.10.08"]
[SourceQuality "1"]
[WhiteTeam "Pinggau Friedberg"]
[BlackTeam "Feldbach Kirchberg"]
[WhiteTeamCountry "AUT"]
[BlackTeamCountry "AUT"]

1. e4 c5 2. Nf3 Nc6 3. Bb5 d6 4. 0-0 Bd7 5. c3 Nf6 6. Re1 a6 7. Bf1 Bg4 8. d3 g6 9. Nbd2 Bg7 10. h3 Bxf3 11. Nxf3 Nd7 12. Be3 b5 13. Qd2 0-0 14. d4 Qb8 15. Bh6 Qb6 1/2-1/2

[Event "Vienna Husek op"]
[Site "Vienna"]
[Date "2014.07.05"]
[Round "1"]
[White "Holzammer, Florestan"]
[Black "Mahdy, Khaled"]
[Result "0-1"]
[WhiteElo "1885"]
[BlackElo "2380"]
[PlyCount "38"]
[EventDate "2014.07.05"]
[EventType "swiss"]
[EventRounds "9"]
[EventCountry "AUT"]
[SourceTitle "CBM 161 Extra"]
[Source "ChessBase"]
[SourceDate "2014.08.29"]
[SourceVersion "1"]
[SourceVersionDate "2014.08.29"]
[SourceQuality "1"]

1. e4 e5 2. Nf3 Nc6 3. Bc4 Nf6 4. d3 Be7 5. c3 0-0 6. Nbd2 d6 7. Bb3 Nd7 8. Nf1 Nc5 9. Bc2 f5 10. b4 fxe4 11. dxe4 Ne6 12. Ne3 Nf4 13. Bb3+ Kh8 14. 0-0 Qe8 15. Nd5 Nxg2 16. Nxe7 Nxe7 17. Ng5 Nf4 18. Bxf4 Rxf4 19. Qd2 Qg6 0-1

[Event "Steyr Landesliga 1314"]
[Site "Austria"]
[Date "2013.12.07"]
[Round "5.1"]
[White "Mahdy, Khaled"]
[Black "Schrittwieser, Herbert"]
[Result "1/2-1/2"]
[WhiteElo "2393"]
[BlackElo "2203"]
[PlyCount "32"]
[EventDate "2013.09.28"]
[EventType "team-tourn"]
[EventRounds "11"]
[EventCountry "AUT"]
[SourceTitle "EXT 2015"]
[Source "ChessBase"]
[SourceDate "2014.11.20"]
[SourceVersion "1"]
[SourceVersionDate "2014.11.20"]
[SourceQuality "1"]
[WhiteTeam "Pinggau Friedberg"]
[BlackTeam "Kapfenberg/Norske/Bruck"]
[WhiteTeamCountry "AUT"]
[BlackTeamCountry "AUT"]

1. e4 e5 2. Nf3 Nf6 3. Nxe5 d6 4. Nc4 Nxe4 5. Nc3 Nxc3 6. bxc3 Be7 7. d4 0-0 8. Bd3 Nd7 9. 0-0 Nb6 10. Ne3 d5 11. Bd2 c5 12. f4 f5 13. Re1 g6 14. Qf3 Be6 15. a4 Qd6 16. a5 Nd7 1/2-1/2